000 01191naa a22003137a 4500
001 BR6008788
003 BR-BrBNA
005 20240918172944.0
007 ta
008 230509b bl.||||| |||| 00| 0 por d
040 _aBR-BrBNA
_bpor
_cBiblioteca Nacional de Agricultura
041 _a(Pt)
072 _aL73
_b5300
_b4110
090 _aL73 BR6008788
100 1 _aBarcellos, D.E.S.N. de
100 1 _aBaptista, P.J.H.P.
100 1 _aWarth, W.
100 1 _aRibeiro, L.A.O.
111 1 _a1. Seminario de Integracao da Pesquisa Agropecuaria e Extensao Rural
_cPorto Alegre, RS (Brazil)
_d19 Oct 1976
245 1 _aColibacilose dos leitoes [bacteria]
260 3 _aPorto Alegre, RS (Brasil):
_c1976.
500 _a1. Seminario de Integracao da Pesquisa Agropecuaria e Extensao Rural. Trabalhos apresentados Porto Alegre, RS (Brasil): 1976. p. 420-422 (BR6008788-AM)L73
650 _aCOLIBACILOSE
650 _aSUINO
650 _aBACTERIA
773 0 _t1. Seminario de Integracao da Pesquisa Agropecuaria e Extensao Rural. Trabalhos apresentados
_wL73 BR6008788
_gPorto Alegre, RS (Brasil), 1976. p. 420-422
909 _a202404
_bLucia
_c55
_dLucia Elande
942 _cAM
_2AGRIS
999 _c302224
_d302224